| 000 | 01129nas a2200337 4500 | ||
|---|---|---|---|
| 001 | BR0403947 | ||
| 003 | BR-BrBNA | ||
| 005 | 20231205104743.0 | ||
| 007 | ta | ||
| 008 | 230509b bl.|||p| |||| 00| 00por d | ||
| 040 |
_aBR-BrBNA _bpor _cBiblioteca Nacional de Agricultura |
||
| 041 | _a(Pt) | ||
| 072 | _aF04; F70 | ||
| 100 | 1 | _aJardim, F.C. da S. | |
| 100 | 1 | _aSilva, G.A.P. da | |
| 245 | 1 | _aAnálise da variação estrutural da floresta equatorial úmida da Estação Experimental de Silvicultura Tropical do Instituto Nacional de Pesquisa da Amazônia - INPA, Manaus (AM) | |
| 650 | _aFLORESTA TROPICAL ÚMIDA | ||
| 650 | _aESTAÇÃO EXPERIMENTAL | ||
| 650 | _aANÁLISE QUALITATIVA | ||
| 650 | _aANÁLISE COMPARATIVA | ||
| 650 | _aESTRUTURA VEGETAL | ||
| 650 | _aAMOSTRAGEM | ||
| 650 | _aINVENTÁRIO FLORESTAL | ||
| 650 | _aREGENERAÇÃO | ||
| 650 | _aSILVICULTURA | ||
| 650 | _aQUALIDADE | ||
| 650 | _aAMAZONAS | ||
| 773 | 0 |
_tRevista de Ciências Agrárias (Brazil) _xISSN 1517-591X _g(Jan-Jun 2003), (no. 39) p. 25-54 _wBR0403947 |
|
| 909 |
_a202311 _bLúcia _c55 _dLúcia Elande |
||
| 942 |
_2AGRIS _n0 _cANA |
||
| 999 |
_c179552 _d179552 |
||